Al-Qaulas Sareeh (Record no. 4029)
[ view plain ]
| 000 -LEADER | |
|---|---|
| fixed length control field | 00560nam a2200241 a 4500 |
| 020 ## - INTERNATIONAL STANDARD BOOK NUMBER | |
| ISBN | |
| 082 00 - DEWEY DECIMAL CLASSIFICATION NUMBER | |
| Classification number | 232.9 |
| Author Cutter | SPE |
| 100 ## - MAIN ENTRY--AUTHOR NAME | |
| Author name | Speer, R E |
| 245 ## - TITLE STATEMENT | |
| Title | Al-Qaulas Sareeh |
| 260 ## - PUBLICATION, DISTRIBUTION, ETC. (IMPRINT) | |
| Place of publication | Egypt |
| Name of publisher | Matba-E-Neel |
| Year of publication | 1932 |
| 300 ## - PHYSICAL DESCRIPTION | |
| Number of Pages | 55p |
| 500 ## - GENERAL NOTE | |
| General note | includes index and biblioraphy |
| 505 2# - FORMATTED CONTENTS NOTE | |
| Formatted contents note | Reserve copies |
| 650 ## - SUBJECT ADDED ENTRY--TOPICAL TERM | |
| Topical Term | Jesus Christ-Character |
| 942 ## - ADDED ENTRY ELEMENTS (KOHA) | |
| Koha item type | Books |
| 700 1# - | |
| -- | Speer, R E |
| Home library | Current library | Date acquired | Cost, normal purchase price | Full call number | Accession Number | Koha item type |
|---|---|---|---|---|---|---|
| Henry Martyn Institute Library | Henry Martyn Institute Library | 06/19/2007 | 100.00 | 232.9 SPE | 5164 | Archive Book |
